[Event "Mallorca-chT Primera"]
[Site "Palma de Mallorca"]
[Date "2012.03.10"]
[Round "6.4"]
[White "Cerdo Fernandez, Miguel"]
[Black "Zalba Esteban, Peio"]
[Result "1/2-1/2"]
[WhiteElo "1931"]
[BlackElo "1946"]
[PlyCount "70"]
[EventDate "2012.01.28"]
[EventType "team"]
[EventRounds "9"]
[EventCountry "ESP"]
[SourceTitle "EXT 2014"]
[Source "ChessBase"]
[SourceDate "2013.11.20"]
[SourceVersion "1"]
[SourceVersionDate "2013.11.20"]
[SourceQuality "1"]

1. e4 c5 2. Nf3 d6 3. d4 cxd4 4. Nxd4 Nf6 5. Nc3 a6 6. f3 e6 7. Be3 Be7 8. Qd2 Qc7 9. 0-0-0 b5 10. g4 h6 11. Bg2 Nbd7 12. Qf2 Bb7 13. h4 0-0-0 14. g5 hxg5 15. hxg5 Rxh1 16. Rxh1 Ne8 17. g6 b4 18. Nd1 Nc5 19. Kb1 Bf6 20. gxf7 Qxf7 21. c3 a5 22. cxb4 axb4 23. Qd2 Na6 24. Nxe6 Rd7 25. Nd4 Kb8 26. Bf1 Bxd4 27. Qxd4 Qxf3 28. Nf2 Nc5 29. Rh8 Bxe4+ 30. Ka1 Bg6 31. Bb5 Qf5 32. Rxe8+ Bxe8 33. Bxd7 Qxd7 34. Qxb4+ Qb5 35. Qxb5+ Bxb5 1/2-1/2

[Event "Mallorca-chT Primera"]
[Site "Palma de Mallorca"]
[Date "2012.02.11"]
[Round "2.5"]
[White "Oneto Zarco, Jose"]
[Black "Zalba Esteban, Peio"]
[Result "1-0"]
[WhiteElo "1988"]
[BlackElo "1946"]
[PlyCount "79"]
[EventDate "2012.01.28"]
[EventType "team"]
[EventRounds "9"]
[EventCountry "ESP"]
[SourceTitle "EXT 2014"]
[Source "ChessBase"]
[SourceDate "2013.11.20"]
[SourceVersion "1"]
[SourceVersionDate "2013.11.20"]
[SourceQuality "1"]

1. e4 c5 2. Nf3 d6 3. d4 cxd4 4. Nxd4 Nf6 5. Nc3 a6 6. Bg5 e6 7. f4 Be7 8. Qf3 Qc7 9. 0-0-0 b5 10. Bd3 Bb7 11. g4 Nbd7 12. Bh4 b4 13. Nce2 Nc5 14. Ng3 Rc8 15. Kb1 h6 16. Rhe1 Nxd3 17. Qxd3 Nxg4 18. Bxe7 Kxe7 19. Qe2 Nf6 20. Qd2 Qb6 21. Qg2 g6 22. Qh3 Rc4 23. e5 dxe5 24. fxe5 Nd5 25. Nge2 a5 26. Qh4+ Ke8 27. Qg3 a4 28. Qd3 Ba6 29. Qf3 Nc3+ 30. bxc3 bxc3+ 31. Nb3 Bb7 32. Qd3 Bd5 33. Nxc3 axb3 34. axb3 Rc8 35. Nxd5 exd5 36. Qxd5 Rd8 37. Qc4 Ke7 38. Rd6 Qa5 39. Rf1 Qxe5 40. Qc7+ 1-0

[Event "Mallorca-chB"]
[Site "Palma de Mallorca"]
[Date "2011.11.26"]
[Round "6"]
[White "Zalba Esteban, Peio"]
[Black "Pomar Mir, Francisco"]
[Result "1-0"]
[WhiteElo "1975"]
[BlackElo "1958"]
[PlyCount "93"]
[EventDate "2011.10.29"]
[EventType "swiss"]
[EventRounds "8"]
[EventCountry "ESP"]
[SourceTitle "EXT 2014"]
[Source "ChessBase"]
[SourceDate "2013.11.20"]
[SourceVersion "1"]
[SourceVersionDate "2013.11.20"]
[SourceQuality "1"]

1. e4 e6 2. d3 d5 3. Nd2 c5 4. g3 Nc6 5. Bg2 Nf6 6. Ngf3 Qc7 7. 0-0 Be7 8. Re1 0-0 9. e5 Nd7 10. Qe2 b5 11. a4 bxa4 12. Rxa4 Nb6 13. Ra1 a5 14. Nf1 Ba6 15. c3 a4 16. Bf4 Na5 17. Rad1 Rfb8 18. h4 Nd7 19. Ne3 Qb6 20. Nxd5 exd5 21. e6 fxe6 22. Bxb8 Rxb8 23. Qxe6+ Qxe6 24. Rxe6 Nb6 25. Rxe7 Kf8 26. Ra7 Ra8 27. Rxa8+ Nxa8 28. Ng5 Nc7 29. Nxh7+ Ke7 30. Ng5 Kd6 31. c4 dxc4 32. dxc4+ Ke7 33. Re1+ Kd7 34. Bh3+ Kc6 35. Ne6 Nxc4 36. Nxc7 Kxc7 37. Bf1 Kd6 38. Re8 Bb5 39. Rg8 Kc6 40. Bxc4 Bxc4 41. Rxg7 Bd5 42. h5 c4 43. h6 a3 44. bxa3 c3 45. Re7 c2 46. Re1 Bf3 47. h7 1-0

[Event "Mallorca-chB"]
[Site "Palma de Mallorca"]
[Date "2011.10.29"]
[Round "1"]
[White "Zalba Esteban, Peio"]
[Black "Garrido Lluy, Javier"]
[Result "1-0"]
[WhiteElo "1975"]
[BlackElo "1808"]
[PlyCount "91"]
[EventDate "2011.10.29"]
[EventType "swiss"]
[EventRounds "8"]
[EventCountry "ESP"]
[SourceTitle "EXT 2014"]
[Source "ChessBase"]
[SourceDate "2013.11.20"]
[SourceVersion "1"]
[SourceVersionDate "2013.11.20"]
[SourceQuality "1"]

1. e4 c5 2. Nf3 d6 3. d4 cxd4 4. Nxd4 Nf6 5. Nc3 a6 6. Bg5 Nbd7 7. f4 Qc7 8. Be2 e6 9. 0-0 Be7 10. Kh1 0-0 11. a4 Nc5 12. Bf3 Bd7 13. Qe1 e5 14. Nf5 Bxf5 15. exf5 Rac8 16. Rd1 Ncd7 17. Bd5 Nb6 18. Bb3 Nh5 19. Bxe7 Qxe7 20. Rd3 Nf6 21. Qh4 e4 22. Re1 Rxc3 23. Rxc3 d5 24. Qf2 Qd8 25. Qd4 Ng4 26. Rg3 Qh4 27. Qg1 h5 28. Re2 Re8 29. Rh3 Qf6 30. Rxh5 d4 31. Rg5 Nh6 32. Rg6 Qd8 33. f6 Nf5 34. g4 Kf8 35. Bxf7 Kxf7 36. gxf5 Qd5 37. Rxg7+ Kf8 38. Reg2 e3 39. Rg8+ Kf7 40. Rxe8 Kxe8 41. Qd1 Nc4 42. Qh5+ Kd7 43. f7 e2 44. f8N+ Kc6 45. Qe8+ Kb6 46. Qxe2 1-0

[Event "Palma de Mallorca op 3rd"]
[Site "Palma de Mallorca"]
[Date "2008.12.06"]
[Round "1"]
[White "Thinius, Marco"]
[Black "Zalba Esteban, Peio"]
[Result "1-0"]
[WhiteElo "2421"]
[BlackElo "1989"]
[PlyCount "47"]
[EventDate "2008.12.06"]
[EventType "swiss"]
[EventRounds "9"]
[EventCountry "ESP"]
[SourceTitle "CBM 127 Extra"]
[Source "ChessBase"]
[SourceDate "2009.01.08"]
[SourceVersion "2"]
[SourceVersionDate "2009.01.28"]
[SourceQuality "1"]

1. e4 c5 2. Nf3 d6 3. d4 cxd4 4. Nxd4 Nf6 5. Nc3 a6 6. Be2 e6 7. 0-0 Be7 8. a4 Qc7 9. f4 Nbd7 10. Kh1 b6 11. Bf3 Bb7 12. Qe1 Rc8 13. e5 dxe5 14. fxe5 Bxf3 15. exf6 Bxg2+ 16. Kxg2 Nxf6 17. Qe2 g5 18. Qxa6 Rd8 19. Qb5+ Kf8 20. Be3 Rxd4 21. Bxd4 Ng4 22. Qxb6 Qxh2+ 23. Kf3 Qxc2 24. Qb8+ 1-0